| 000 | 01028cam a2200313 i 4500 | ||
|---|---|---|---|
| 001 | 47032 | ||
| 003 | Mx-PuUPA | ||
| 005 | 20220923102842.0 | ||
| 008 | 140415s1995 mx gr 000 0 spa d | ||
| 020 | _a9682001544 | ||
| 040 |
_aMx-PuUPA _bspa _cMx-PuUPA _dMx-PuUPA _erda |
||
| 041 | 0 | _aspa | |
| 100 | 1 |
_aLlano Cifuentes, Carlos, _d1932-2010 _eautor _9531 |
|
| 245 | 1 | 3 |
_aEl conocimiento del singular / _cCarlos Llano Cifuentes |
| 250 | _aPrimera edición | ||
| 264 | 1 |
_aCiudad de México : _bUniversidad Panamericana, _c1995 |
|
| 300 |
_a133 páginas ; _c21 cm |
||
| 336 |
_2rdacontent _atexto _btxt |
||
| 337 |
_2rdamedia _asin medio _bn |
||
| 338 |
_2rdacarrier _avolumen _bnc |
||
| 490 | _aFilosofía ; Claves | ||
| 650 | 7 |
_aEpistemología _2armarc |
|
| 650 | 7 |
_aFilosofía del lenguaje _2armarc |
|
| 650 | 7 |
_aOntología _2armarc |
|
| 942 |
_2ddc _cLI _h121 _iL795 |
||
| 999 |
_c47032 _d47032 |
||